Hamburger Helper Meals: Real or Fake? Quiz Stats

 Plays Quiz Updated Feb 20, 2015

Score 0/30 Timer 05:00
4 Plays Today
% Correct
Cheeseburger Macaroni
83.7%
Ultimate Cheeseburger Macaroni
80.3%
Bacon Cheeseburger
80.1%
Double Cheesburger Macaroni
78.9%
Four Cheese Lasagna
75.3%
Creamy Stroganoff
74%
Stroganoff
73.4%
Cheesy Beef Pasta
73.1%
Chili Macaroni
73%
Cheesy Enchilada
70.8%
Philly Cheesesteak
70.7%
Three Cheese
70%
Cheddar Cheese Melt
68.5%
Lasagna
68%
Cheesy Ranch Burger
67.7%
% Correct
Chili Cheese
65.6%
Cheesy Italian Shells
64.9%
Cheesy Nacho
63.5%
Beef Pasta
62.9%
Sloppy Joe
62.5%
Double Cheese Quesadilla
61%
Cheesy Baked Potato
57.1%
Crunchy Taco
56.2%
Cheesy Hashbrowns
55.7%
Cheesy Jambalaya
53.7%
Potato Stroganoff
51.4%
Tomato Basil Penne
48%
Salisbury
47.7%
Italian Sausage
47.6%
Spaghetti
44.7%

You're not logged in!

Compare scores with friends on all Sporcle quizzes.
OR
Log In

Show Comments

Extras

Top Quizzes Today


Score Distribution

Your Account Isn't Verified!

In order to create a playlist on Sporcle, you need to verify the email address you used during registration. Go to your Sporcle Settings to finish the process.

Report this User

Report this user for behavior that violates our Community Guidelines.

Details: